| 000 | 00365nam a2200133 a 4500 | ||
|---|---|---|---|
| 005 | 20140414131905.0 | ||
| 008 | 100927s19uu xx 00 eng d | ||
| 050 |
_aFIC _bSa8 1989 |
||
| 100 | _aThaler, Mike | ||
| 245 | _aThe science fair from the black lagoon. | ||
| 260 |
_aNew York : _bScholastic , _c1989. |
||
| 440 | _aBlack lagoon adventures | ||
| 999 |
_c110905 _d110905 |
||